[Event "16. Sparkassen Open 2017 - Gruppe A"]
[Site "Forchheim"]
[Date "2017.09.30"]
[Round "3.1"]
[White "Krassowizkij, Jaroslaw"]
[Black "Linsenmeyer, Mario"]
[Result "1-0"]
[WhiteElo "2440"]
[BlackElo "2105"]
[PlyCount "55"]
[EventDate "2017.??.??"]
[WhiteTeam "SV Jedesheim"]
[BlackTeam "FSV Großenseebach"]

1. d4 Nf6 2. c4 g6 3. f3 Nc6 4. d5 Ne5 5. e4 d6 6. Nc3 Bg7 7. f4 Ned7 8. Nh3
Nc5 9. Nf2 e5 10. fxe5 dxe5 11. Be3 Qe7 12. b4 Na6 13. c5 O-O 14. Bxa6 bxa6 15.
O-O c6 16. dxc6 Be6 17. Nd5 Bxd5 18. exd5 Rfd8 19. Bg5 Rxd5 20. Qxd5 Nxd5 21.
Bxe7 Nxe7 22. c7 Nc6 23. Ne4 Rc8 24. Rxf7 Kxf7 25. Nd6+ Ke6 26. Nxc8 Kd7 27.
Nd6 Ne7 28. Rf1 1-0

[Event "16. Sparkassen Open 2017 - Gruppe A"]
[Site "Forchheim"]
[Date "2017.09.30"]
[Round "3.2"]
[White "Hilverda, Alexander"]
[Black "De Silva, Joel Niels"]
[Result "1-0"]
[WhiteElo "2354"]
[BlackElo "2101"]
[PlyCount "67"]
[EventDate "2017.??.??"]
[WhiteTeam "SC Erlangen"]
[BlackTeam "SV Hockenheim"]

1. d4 Nf6 2. c4 g6 3. Nc3 d5 4. cxd5 Nxd5 5. e4 Nxc3 6. bxc3 Bg7 7. Be3 c5 8.
Nf3 O-O 9. Be2 cxd4 10. cxd4 Qa5+ 11. Bd2 Qa3 12. Rb1 Nc6 13. d5 Ne5 14. Nxe5
Bxe5 15. O-O a5 16. f4 Bd4+ 17. Kh1 Qxa2 18. Qc1 Be3 19. Bxe3 Qxe2 20. f5 a4
21. Bh6 Qxe4 22. Qc3 f6 23. Rbe1 Qxd5 24. Rxe7 Bd7 25. fxg6 hxg6 26. Qc2 Bf5
27. Rg7+ Kh8 28. Qc7 Qg8 29. Qe7 Ra6 30. Rxg8+ Rxg8 31. Qxb7 Rd6 32. Qb4 Ra6
33. Qh4 a3 34. Bf8# 1-0

[Event "16. Sparkassen Open 2017 - Gruppe A"]
[Site "Forchheim"]
[Date "2017.09.30"]
[Round "3.3"]
[White "Hoffmann, Sebastian"]
[Black "Singer, Christoph"]
[Result "0-1"]
[WhiteElo "1932"]
[BlackElo "2375"]
[PlyCount "140"]
[EventDate "2017.??.??"]
[WhiteTeam "SC Noris-Tarrasch Nürnberg"]
[BlackTeam "FC Bayern München"]

1. e4 e5 2. Nf3 Nc6 3. Nc3 Nf6 4. d4 exd4 5. Nxd4 Bb4 6. Nxc6 bxc6 7. Bd3 O-O
8. O-O Re8 9. Bg5 Rb8 10. Qf3 Bd6 11. Rab1 Be5 12. h3 d6 13. Qe3 c5 14. Bb5 Bd7
15. Bxd7 Qxd7 16. Bxf6 Bxf6 17. Rfd1 Bxc3 18. bxc3 Rb6 19. c4 Qa4 20. Rxb6 axb6
21. Qb3 Qxb3 22. axb3 Rxe4 23. Ra1 f5 24. Ra7 Re7 25. f4 Kf7 26. Kf2 Ke8 27.
Ra8+ Kd7 28. h4 Re8 29. Ra1 h5 30. Ra2 g6 31. Ra1 Kc6 32. Ra7 Re7 33. Ra8 d5
34. Rg8 Re6 35. cxd5+ Kxd5 36. Rg7 Kc6 37. c4 Kb7 38. g3 Rc6 39. Rg8 Re6 40.
Rg7 Kc6 41. Kf3 Kb7 42. Kf2 Ka6 43. Rxc7 Ka5 44. Rd7 Kb4 45. Rd3 Ka3 46. Kf1
Kb2 47. Kf2 Kc2 48. Rf3 Kd2 49. b4 Re2+ 50. Kf1 Re3 51. Rf2+ Kc3 52. bxc5 bxc5
53. Ra2 Kxc4 54. Kf2 Re6 55. Ra1 Kb3 56. Rb1+ Kc2 57. Rb5 c4 58. Re5 Rd6 59.
Rc5 Kd3 60. Ke1 Kc3 61. Rc8 Kb3 62. Rb8+ Kc2 63. Rc8 c3 64. Ke2 Re6+ 65. Kf2
Kd2 66. Rc7 Rd6 67. Re7 c2 68. Re2+ Kc3 69. Re3+ Kb2 70. Re2 Kb1 0-1

[Event "16. Sparkassen Open 2017 - Gruppe A"]
[Site "Forchheim"]
[Date "2017.09.30"]
[Round "3.4"]
[White "Kilian, Markus"]
[Black "Arnold, Max"]
[Result "0-1"]
[WhiteElo "2031"]
[BlackElo "2279"]
[PlyCount "114"]
[EventDate "2017.??.??"]
[WhiteTeam "SV Würzburg"]
[BlackTeam "SK Ettlingen"]

1. d4 Nf6 2. c4 e6 3. Nc3 Bb4 4. f3 O-O 5. a3 Bxc3+ 6. bxc3 Ne8 7. e4 b6 8. Bd3
Nc6 9. e5 Ba6 10. f4 Na5 11. Qe2 d5 12. cxd5 Bxd3 13. Qxd3 Qxd5 14. Nf3 f5 15.
exf6 Nxf6 16. O-O Qf5 17. Qe2 Rae8 18. Bd2 c5 19. Rae1 Nb3 20. Qd1 Qd5 21. Re5
Qc4 22. Re2 cxd4 23. Ne5 Qa6 24. c4 d3 25. Nxd3 Qxc4 26. Bb4 Rd8 27. Ne5 Rxd1
28. Nxc4 Rxf1+ 29. Kxf1 Rc8 30. Nd6 Rc1+ 31. Kf2 a5 32. Be1 Nd4 33. Rd2 Nc2 34.
Re2 Nd4 35. Rd2 Nc2 36. Re2 Nxe1 37. Rxe1 Rxe1 38. Kxe1 Nd5 39. g3 Kf8 40. Kd2
Ke7 41. Nc4 a4 42. Kd3 b5 43. Ne5 Kf6 44. Nd7+ Kf5 45. Kd4 h5 46. Ne5 b4 47.
Nc4 bxa3 48. Nxa3 Nf6 49. Nc4 Ng4 50. h3 Nf2 51. Ne3+ Kf6 52. Kc4 Nxh3 53. Kb4
Ng1 54. g4 h4 55. g5+ Kg6 56. Kxa4 h3 57. Ng4 Kf5 0-1

[Event "16. Sparkassen Open 2017 - Gruppe A"]
[Site "Forchheim"]
[Date "2017.09.30"]
[Round "3.5"]
[White "Epding, Olaf"]
[Black "Böhme, Markus"]
[Result "0-1"]
[WhiteElo "2255"]
[BlackElo "2028"]
[PlyCount "96"]
[EventDate "2017.??.??"]
[WhiteTeam "SC Noris-Tarrasch Nürnberg"]
[BlackTeam "SC Uttenreuth"]

1. b3 Nf6 2. Bb2 g6 3. f4 Bg7 4. Nf3 O-O 5. e3 c5 6. Be2 Nc6 7. O-O d5 8. Bb5
Bd7 9. Bxc6 Bxc6 10. Ne5 Qc7 11. Qc1 Nd7 12. Nxd7 Bxd7 13. Bxg7 Kxg7 14. Qb2+
f6 15. d3 Rae8 16. e4 dxe4 17. dxe4 e5 18. f5 Bc6 19. Nc3 Rd8 20. fxg6 hxg6 21.
Rad1 Rd4 22. Qc1 Rfd8 23. Qe3 b5 24. Qf3 f5 25. Qe2 b4 26. Rxd4 cxd4 27. Nd1
Bxe4 28. Nf2 Qxc2 29. Qb5 Qc7 30. Qxb4 Rd7 31. Qd2 Qb6 32. Re1 Qb7 33. Qg5 Qb4
34. Rf1 Qe7 35. Qd2 Rc7 36. Re1 Rc2 37. Qa5 Ba8 38. h3 e4 39. Nd3 Qc7 40. Qb4
Qd7 41. Nf4 g5 42. Nd3 e3 43. Ne5 Rxg2+ 44. Kf1 Rf2+ 45. Kg1 Qb7 46. Qxb7+ Bxb7
47. Rc1 Rg2+ 48. Kf1 e2+ 0-1

[Event "16. Sparkassen Open 2017 - Gruppe A"]
[Site "Forchheim"]
[Date "2017.09.30"]
[Round "3.6"]
[White "Golda, Harald"]
[Black "Brunner, Jan"]
[Result "1-0"]
[WhiteElo "2268"]
[BlackElo "1992"]
[PlyCount "57"]
[EventDate "2017.??.??"]
[WhiteTeam "SK Schweinfurt"]
[BlackTeam "TSV Schönaich"]

1. d4 Nf6 2. Nf3 e6 3. c4 b6 4. g3 Ba6 5. Qa4 Be7 6. Bg2 Bb7 7. Nc3 O-O 8. Qc2
Bb4 9. O-O Bxc3 10. Qxc3 d6 11. b3 Nbd7 12. Bb2 h6 13. Rad1 Qe7 14. Rfe1 c5 15.
d5 e5 16. e4 Rfe8 17. Nh4 Qf8 18. Qc2 Bc8 19. f4 exf4 20. gxf4 g5 21. e5 Nh5
22. Ng6 Qg7 23. exd6 Rxe1+ 24. Rxe1 Qxg6 25. Re8+ Nf8 26. Qxg6+ fxg6 27. fxg5
Kf7 28. Re7+ Kg8 29. Bf3 1-0

[Event "16. Sparkassen Open 2017 - Gruppe A"]
[Site "Forchheim"]
[Date "2017.09.30"]
[Round "3.7"]
[White "Link, Andreas"]
[Black "Seyb, Alexander"]
[Result "0-1"]
[WhiteElo "2011"]
[BlackElo "2409"]
[PlyCount "72"]
[EventDate "2017.??.??"]
[WhiteTeam "Zabo-Eintracht Nürnberg"]
[BlackTeam "SF 1903 Berlin"]

1. e4 c5 2. Nf3 d6 3. d4 cxd4 4. Nxd4 Nf6 5. Nc3 a6 6. g3 e5 7. Nde2 Nbd7 8.
Bg2 b5 9. h3 Be7 10. Be3 Nb6 11. O-O O-O 12. g4 b4 13. Nd5 Nfxd5 14. exd5 f5
15. gxf5 Bxf5 16. Ng3 Bg6 17. Qg4 a5 18. Rfc1 Nd7 19. c4 Rc8 20. Rd1 Kh8 21.
Rac1 a4 22. c5 dxc5 23. d6 Bh4 24. Bb7 Rb8 25. Bc6 Bxg3 26. Bxd7 Bf4 27. Rxc5
Bxe3 28. fxe3 Qf6 29. Rc8 Qf2+ 30. Kh1 Rbxc8 31. Bxc8 Rf4 32. Bb7 Rxg4 33. d7
Rg1+ 34. Rxg1 Qd2 35. Bc6 Bf5 36. e4 Bxd7 0-1

[Event "16. Sparkassen Open 2017 - Gruppe A"]
[Site "Forchheim"]
[Date "2017.09.30"]
[Round "3.8"]
[White "Glawe, Ralf"]
[Black "Gegenfurtner, Jürgen"]
[Result "0-1"]
[WhiteElo "2066"]
[BlackElo "2293"]
[PlyCount "100"]
[EventDate "2017.??.??"]
[WhiteTeam "MTV Ingolstadt"]
[BlackTeam "SV Seubelsdorf"]

1. e4 e5 2. Nf3 Nc6 3. Bb5 a6 4. Ba4 Nf6 5. d3 d6 6. c3 Be7 7. Nbd2 b5 8. Bc2
O-O 9. O-O h6 10. Re1 Nh7 11. d4 Bf6 12. d5 Ne7 13. a4 Bd7 14. Nf1 c5 15. dxc6
Bxc6 16. axb5 axb5 17. Rxa8 Bxa8 18. Qd3 Bc6 19. Rd1 Qa8 20. Ng3 Rd8 21. h4 Ng6
22. Nf5 d5 23. exd5 Rxd5 24. Qe2 Rxd1+ 25. Bxd1 Qa1 26. Qd2 Nf4 27. Qc2 Nd5 28.
Kh2 Nf8 29. Be2 Ne6 30. Nd6 b4 31. cxb4 Nxb4 32. Qc4 Bd5 33. Qc8+ Nf8 34. Ne8
Be7 35. Qg4 Ng6 36. Bxh6 Be6 37. Qg3 gxh6 38. h5 Qxb2 39. hxg6 f6 40. Bf1 Qc2
41. Nxe5 fxe5 42. Qxe5 Qxg6 43. Nc7 Kf7 44. Be2 Nc6 45. Qb5 Qe4 46. Qh5+ Kg7
47. Ne8+ Kf8 48. Bf3 Qe5+ 49. Qxe5 Nxe5 50. Bh5 Nf7 0-1

[Event "16. Sparkassen Open 2017 - Gruppe A"]
[Site "Forchheim"]
[Date "2017.09.30"]
[Round "3.9"]
[White "Schulz, Lukas"]
[Black "Schmidt, Olaf"]
[Result "1-0"]
[WhiteElo "2248"]
[BlackElo "2076"]
[PlyCount "43"]
[EventDate "2017.??.??"]
[WhiteTeam "SC Forchheim"]
[BlackTeam "SK Rochade Augsburg"]

1. e4 e5 2. f4 d5 3. exd5 exf4 4. Nf3 Nf6 5. Bb5+ c6 6. dxc6 Nxc6 7. d4 Bd6 8.
O-O O-O 9. Bxc6 bxc6 10. c4 Bg4 11. Nc3 h6 12. c5 Bc7 13. Qa4 Qc8 14. Ne5 g5
15. Bxf4 gxf4 16. Rxf4 Qe6 17. Raf1 Bd8 18. Qxc6 Rc8 19. Qxe6 Bxe6 20. Rxf6
Bxf6 21. Rxf6 Rfd8 22. Rf4 1-0

[Event "16. Sparkassen Open 2017 - Gruppe A"]
[Site "Forchheim"]
[Date "2017.09.30"]
[Round "3.10"]
[White "Kast, Joannis"]
[Black "Henrich, Thomas"]
[Result "1-0"]
[WhiteElo "2062"]
[BlackElo "2310"]
[PlyCount "75"]
[EventDate "2017.??.??"]
[WhiteTeam "SK Jöhlingen"]
[BlackTeam "SK Marburg"]

1. e4 e6 2. d4 d5 3. exd5 exd5 4. Nf3 Nc6 5. Bb5 Bd6 6. c4 a6 7. Ba4 Nf6 8. c5
Be7 9. Bxc6+ bxc6 10. Ne5 Bd7 11. O-O O-O 12. Bg5 Rb8 13. b3 Be8 14. Qd3 Ne4
15. Bxe7 Qxe7 16. Qxa6 Rb4 17. Qd3 Nxc5 18. Nxc6 Bxc6 19. dxc5 Qxc5 20. a3 Rg4
21. b4 Qb6 22. h3 Rg6 23. Rd1 d4 24. f3 Re8 25. Kh2 Ba4 26. Rc1 Qd6+ 27. Kh1
Qg3 28. Ra2 Rge6 29. Nd2 Re2 30. Rg1 Qf2 31. Ne4 R8xe4 32. Qxe4 Rxe4 33. Rxf2
Re3 34. Rd2 d3 35. Rc1 c6 36. Kg1 Bb5 37. a4 Bxa4 38. Ra1 1-0

[Event "16. Sparkassen Open 2017 - Gruppe A"]
[Site "Forchheim"]
[Date "2017.09.30"]
[Round "3.11"]
[White "Böhme, Sebastian"]
[Black "Fieberg, Samuel"]
[Result "0-1"]
[WhiteElo "2090"]
[BlackElo "2239"]
[PlyCount "120"]
[EventDate "2017.??.??"]
[WhiteTeam "SC Uttenreuth"]
[BlackTeam "SG Porz"]

1. e4 c5 2. Nf3 Nc6 3. Bb5 g6 4. Bxc6 bxc6 5. O-O Bg7 6. Re1 Nh6 7. c3 d6 8. h3
O-O 9. d4 cxd4 10. cxd4 f6 11. e5 fxe5 12. dxe5 Nf7 13. exd6 exd6 14. Nc3 Rb8
15. Qa4 Qc7 16. Qh4 Ne5 17. Ng5 h6 18. Nge4 g5 19. Qh5 Nd3 20. Rd1 Nxc1 21.
Raxc1 Rxb2 22. Nd5 Qf7 23. Qxf7+ Rxf7 24. Rxc6 Bb7 25. Rxd6 Bxd5 26. R1xd5 Rxa2
27. Rd8+ Kh7 28. f3 Rc7 29. Nc5 Re7 30. Ne4 Rb7 31. Rd2 Rxd2 32. Rxd2 a5 33.
Kf1 a4 34. Ra2 Rb1+ 35. Ke2 Rb2+ 36. Rxb2 Bxb2 37. Kd3 a3 38. Kc2 Bg7 39. Kb3
Bf8 40. Nc3 Kg6 41. Ne2 Kf5 42. Kc3 Ke5 43. Kb3 Bd6 44. Kc3 Kd5 45. Kb3 Be5 46.
Kxa3 Kc4 47. h4 gxh4 48. f4 Bd6+ 49. Kb2 Kd3 50. Ng1 Bxf4 51. Nf3 Bg3 52. Kc1
Ke3 53. Kd1 Kf2 54. Nd4 Kxg2 55. Nf5 h3 56. Ne3+ Kf2 57. Ng4+ Kf3 58. Nh2+ Bxh2
59. Ke1 Bf4 60. Kf1 Be3 0-1

[Event "16. Sparkassen Open 2017 - Gruppe A"]
[Site "Forchheim"]
[Date "2017.09.30"]
[Round "3.12"]
[White "Wichmann, Adrian"]
[Black "Eiber, Manfred"]
[Result "1/2-1/2"]
[WhiteElo "2018"]
[BlackElo "2163"]
[PlyCount "68"]
[EventDate "2017.??.??"]
[WhiteTeam "SC Forchheim"]
[BlackTeam "SW Nürnberg Süd"]

1. e4 c6 2. d4 d5 3. Nc3 dxe4 4. Nxe4 Nf6 5. Nxf6+ gxf6 6. c3 h5 7. Nf3 Bg4 8.
Be2 e6 9. Bf4 Bd6 10. Qd2 Qc7 11. Bxd6 Qxd6 12. O-O-O Nd7 13. h3 Bxf3 14. Bxf3
h4 15. Rhe1 O-O-O 16. Kb1 Nb6 17. Qe2 Qf4 18. Qe3 Qg5 19. Qxg5 fxg5 20. b3 Nd5
21. Bxd5 Rxd5 22. Re5 Rhd8 23. Rde1 Kc7 24. R5e4 Rf5 25. f3 c5 26. dxc5 Rxc5
27. c4 Rd2 28. R4e2 Rd6 29. Re4 a5 30. Kc2 Kd7 31. Re5 Rdc6 32. Kc3 f6 33. Rxc5
Rxc5 34. a3 Rc8 1/2-1/2

[Event "16. Sparkassen Open 2017 - Gruppe A"]
[Site "Forchheim"]
[Date "2017.09.30"]
[Round "3.13"]
[White "Pfadenhauer, Johannes"]
[Black "Gentner, Markus"]
[Result "1-0"]
[WhiteElo "2097"]
[BlackElo "2006"]
[PlyCount "111"]
[EventDate "2017.??.??"]
[WhiteTeam "TSV Bindlach"]
[BlackTeam "SC Murrhardt"]

1. d4 Nf6 2. Nf3 c5 3. d5 b5 4. c4 Bb7 5. a4 Qa5+ 6. Bd2 b4 7. Qc2 d6 8. e4
Nbd7 9. Be2 g6 10. O-O Bg7 11. h3 h6 12. Be3 Qc7 13. Nbd2 O-O-O 14. a5 a6 15.
Nh4 Kb8 16. f4 Nh7 17. Nb3 Bf6 18. Nf3 g5 19. Bd3 gxf4 20. Bxf4 Ng5 21. Nbd2
Rdg8 22. Kh1 Bc8 23. Rae1 Rg7 24. Bh2 Nxf3 25. Nxf3 Ne5 26. Nxe5 Bxe5 27. Bxe5
dxe5 28. Be2 Rhg8 29. Bh5 f6 30. g4 Bd7 31. Qd2 Rg5 32. d6 Qxd6 33. Qxd6+ exd6
34. Rxf6 Kc7 35. Rxh6 Rf8 36. Kg2 Bc6 37. Rh7+ Kb8 38. Rf7 Rgg8 39. Rxf8+ Rxf8
40. Bg6 Rf4 41. Bf5 Kc7 42. Kg3 Kd8 43. b3 Ke7 44. g5 Be8 45. Bg4 Bc6 46. Bf5
Be8 47. g6 Bc6 48. h4 Kf6 49. Rd1 Bxe4 50. Bxe4 Rxe4 51. Rxd6+ Kg7 52. h5 Re3+
53. Kg4 Rxb3 54. Rd7+ Kf6 55. g7 Rb1 56. h6 1-0

[Event "16. Sparkassen Open 2017 - Gruppe A"]
[Site "Forchheim"]
[Date "2017.09.30"]
[Round "3.14"]
[White "Mantel, Ruben"]
[Black "Ulusoy, Tolga"]
[Result "1/2-1/2"]
[WhiteElo "1939"]
[BlackElo "2082"]
[PlyCount "51"]
[EventDate "2017.??.??"]
[WhiteTeam "SC Noris-Tarrasch Nürnberg"]
[BlackTeam "SC Noris-Tarrasch Nürnberg"]

1. d4 Nf6 2. Nf3 c5 3. d5 b5 4. Bg5 Qb6 5. Nc3 b4 6. Na4 Qa5 7. b3 Ne4 8. Qd3
f5 9. g4 d6 10. gxf5 Bxf5 11. Bh3 g6 12. Bxf5 gxf5 13. Rg1 Rg8 14. O-O-O Nd7
15. Bh4 Rxg1 16. Rxg1 Nb6 17. Ng5 Nxa4 18. bxa4 Bh6 19. Qf3 Bxg5+ 20. Bxg5 Qxa4
21. Bxe7 Kxe7 22. Qxf5 Qa3+ 23. Kd1 Nc3+ 24. Kd2 Nb1+ 25. Kd1 Nc3+ 26. Kd2
1/2-1/2

[Event "16. Sparkassen Open 2017 - Gruppe A"]
[Site "Forchheim"]
[Date "2017.09.30"]
[Round "3.15"]
[White "Amtmann, Florian"]
[Black "Guggenberger, Guido"]
[Result "1-0"]
[WhiteElo "2101"]
[BlackElo "1972"]
[PlyCount "57"]
[EventDate "2017.??.??"]
[WhiteTeam "Spvgg Stetten"]
[BlackTeam "TV Tegernsee"]

1. e4 e5 2. f4 exf4 3. Nf3 Ne7 4. d4 d5 5. e5 Ng6 6. Bd3 Be7 7. O-O Bg4 8. Nc3
c5 9. Bxg6 hxg6 10. Bxf4 Nc6 11. dxc5 Bxc5+ 12. Kh1 Nd4 13. Qd2 Bxf3 14. gxf3
Qh4 15. Bg5 Qh5 16. Qg2 Ne6 17. f4 Nxg5 18. fxg5 Rd8 19. Rad1 Be3 20. Nxd5 Bxg5
21. Nc7+ Ke7 22. Rxd8 Kxd8 23. Rxf7 Qd1+ 24. Rf1 Rxh2+ 25. Kxh2 Qh5+ 26. Qh3
Qe2+ 27. Kh1 Qe4+ 28. Qf3 Qh4+ 29. Kg2 1-0

[Event "16. Sparkassen Open 2017 - Gruppe A"]
[Site "Forchheim"]
[Date "2017.09.30"]
[Round "3.16"]
[White "Gil, Arthur"]
[Black "Lechermann, Markus"]
[Result "0-1"]
[WhiteElo "2067"]
[BlackElo "2081"]
[PlyCount "50"]
[EventDate "2017.??.??"]
[WhiteTeam "SU Ebersberg-Grafing"]
[BlackTeam "MTV Ingolstadt"]

1. e4 c5 2. Nf3 e6 3. d4 cxd4 4. Nxd4 a6 5. Nc3 Qc7 6. Bd3 Nf6 7. Be3 b5 8. O-O
Bb7 9. a3 Nc6 10. Qe2 Bd6 11. f4 Nxd4 12. Bxd4 Bc5 13. Bf2 d6 14. Rae1 O-O 15.
Kh1 Bxa3 16. bxa3 Qxc3 17. e5 Nd5 18. Qe4 g6 19. Bd4 Qc7 20. exd6 Qxd6 21. f5
exf5 22. Rxf5 gxf5 23. Qxf5 Qg6 24. Qh3 f5 25. Rf1 Qg4 0-1

[Event "16. Sparkassen Open 2017 - Gruppe A"]
[Site "Forchheim"]
[Date "2017.09.30"]
[Round "3.17"]
[White "Adelhütte, Dennis"]
[Black "Meulner, Klaus"]
[Result "0-1"]
[WhiteElo "1941"]
[BlackElo "2117"]
[PlyCount "74"]
[EventDate "2017.??.??"]
[WhiteTeam "SC JÄKLECHEMIE"]
[BlackTeam "SW Nürnberg Süd"]

1. d4 b6 2. e4 Bb7 3. Nc3 e6 4. Nf3 Bb4 5. Bd3 Nf6 6. e5 Ne4 7. Bd2 Nxd2 8.
Qxd2 O-O 9. h4 f5 10. O-O-O a6 11. a3 Be7 12. Be2 c6 13. Kb1 b5 14. Rdg1 b4 15.
axb4 Bxb4 16. g4 f4 17. Qd3 Bxc3 18. Ng5 g6 19. Rh3 c5 20. Qxc3 cxd4 21. Qd3
Nc6 22. f3 Nb4 23. Qxd4 a5 24. Rgh1 Bd5 25. c4 Bc6 26. Bd3 Nxd3 27. Qxd3 Qe7
28. Ne4 Bxe4 29. Qxe4 Rab8 30. R3h2 Rb3 31. g5 Rfb8 32. Qxf4 a4 33. h5 gxh5 34.
Rc2 a3 35. Rhh2 axb2 36. Rxb2 Qb4 37. g6 Rxb2+ 0-1

[Event "16. Sparkassen Open 2017 - Gruppe A"]
[Site "Forchheim"]
[Date "2017.09.30"]
[Round "3.18"]
[White "Woll, Wilfried"]
[Black "Diller, Peter"]
[Result "1-0"]
[WhiteElo "2080"]
[BlackElo "1976"]
[PlyCount "93"]
[EventDate "2017.??.??"]
[WhiteTeam "Greifswalder SV"]
[BlackTeam "SK Rothenburg"]

1. c4 e6 2. g3 d5 3. Bg2 Nf6 4. Nf3 Bd6 5. O-O c6 6. d3 O-O 7. Nc3 Nbd7 8. e4
dxc4 9. dxc4 Bb4 10. e5 Bxc3 11. bxc3 Ne4 12. Qc2 Nec5 13. Ng5 g6 14. f4 Qc7
15. Be3 b6 16. Rad1 Bb7 17. Rd6 Rad8 18. g4 Rfe8 19. Rfd1 f6 20. exf6 Nxf6 21.
Bxc5 bxc5 22. Rxd8 Rxd8 23. Nxe6 Rxd1+ 24. Qxd1 Qe7 25. f5 Ba6 26. Qa4 Bc8 27.
Qxc6 Bxe6 28. fxe6 Nxg4 29. Qe4 Nf6 30. Qe5 Kf8 31. Bf3 Ng8 32. Kg2 Ke8 33. a4
a5 34. Qb8+ Qd8 35. Qb5+ Kf8 36. Qxc5+ Ne7 37. Bd5 Kg7 38. Qd4+ Kh6 39. Qf4+
Kg7 40. Qe4 Kh6 41. Qf4+ Kg7 42. Bf3 Nf5 43. c5 Nh4+ 44. Kg3 Nxf3 45. Qf7+ Kh6
46. e7 Qd2 47. Qf4+ 1-0

[Event "16. Sparkassen Open 2017 - Gruppe A"]
[Site "Forchheim"]
[Date "2017.09.30"]
[Round "3.19"]
[White "Bethke, Robert"]
[Black "Manthey, Frank"]
[Result "1/2-1/2"]
[WhiteElo "1900"]
[BlackElo "2049"]
[PlyCount "33"]
[EventDate "2017.??.??"]
[WhiteTeam "SF Neuberg"]
[BlackTeam "SK Schwanstetten"]

1. c4 Nf6 2. Nc3 e6 3. g3 d5 4. Bg2 Be7 5. cxd5 exd5 6. d4 O-O 7. Nf3 c6 8. O-O
Re8 9. a3 Bd6 10. e3 Nbd7 11. b4 Nb6 12. Nd2 Bf5 13. Nb3 Qc8 14. Na5 Bh3 15.
Qc2 Bxg2 16. Kxg2 Qd7 17. Bd2 1/2-1/2

[Event "16. Sparkassen Open 2017 - Gruppe A"]
[Site "Forchheim"]
[Date "2017.09.30"]
[Round "3.20"]
[White "Reis, Gerhard"]
[Black "Krüger, Till"]
[Result "1-0"]
[WhiteElo "2200"]
[BlackElo "1991"]
[PlyCount "103"]
[EventDate "2017.??.??"]
[WhiteTeam "SW Nürnberg Süd"]
[BlackTeam "SC Nidderau"]

1. Nf3 d6 2. d4 Nf6 3. g3 g6 4. Bg2 Bg7 5. O-O O-O 6. c4 Nc6 7. Nc3 a6 8. h3
Re8 9. e4 e5 10. Be3 exd4 11. Nxd4 Ne5 12. b3 Ned7 13. Rc1 Nc5 14. Qc2 a5 15.
Rfe1 c6 16. Rcd1 Qc7 17. Ndb5 cxb5 18. Nxb5 Qe7 19. Nxd6 Ne6 20. Nxe8 Nxe8 21.
Qd2 Qb4 22. Qe2 Qe7 23. f4 N8c7 24. Qf2 Na6 25. Bb6 Bc3 26. Rf1 Nec5 27. Bd8
Qe8 28. Qe3 Bd7 29. Bb6 Bb4 30. a3 Bxa3 31. Bxa5 Ne6 32. Kh2 Bc5 33. Qd2 Bc6
34. Bc3 Rd8 35. Qb2 Nb4 36. Bf6 Nd3 37. Qc3 Bb4 38. Qc2 Nec5 39. Bxd8 Qxd8 40.
Qe2 Qd4 41. e5 Bxg2 42. Kxg2 Qc3 43. Kh1 h5 44. Rf3 Qb2 45. Qf1 Qxb3 46. Rfxd3
Nxd3 47. Qxd3 Qxd3 48. Rxd3 Bc5 49. Rd7 b6 50. Kg2 Kf8 51. Kf3 Ke8 52. Rb7 1-0

[Event "16. Sparkassen Open 2017 - Gruppe A"]
[Site "Forchheim"]
[Date "2017.09.30"]
[Round "3.21"]
[White "Tong, Kevin"]
[Black "Bendel, Ralf"]
[Result "1-0"]
[WhiteElo "2139"]
[BlackElo "2116"]
[PlyCount "73"]
[EventDate "2017.??.??"]
[WhiteTeam "SC Erlangen"]
[BlackTeam "SC Friedberg Gehörl. SV"]

1. e4 c5 2. Nf3 d6 3. d4 cxd4 4. Nxd4 Nf6 5. Nc3 a6 6. h3 e5 7. Nde2 h5 8. g3
Be7 9. Bg2 Be6 10. O-O Nbd7 11. a4 Qc7 12. Be3 Rc8 13. Qd2 Bc4 14. b3 Bxe2 15.
Nxe2 O-O 16. c4 Nc5 17. Qc2 Ne6 18. Qb2 Rfe8 19. Rfd1 Bf8 20. Nc3 b6 21. h4 Rb8
22. Qe2 Ng4 23. Nd5 Qc6 24. Bh3 Nxe3 25. fxe3 Nc5 26. Qxh5 g6 27. Qf3 Bg7 28.
Rf1 Rb7 29. Rab1 b5 30. axb5 axb5 31. h5 bxc4 32. bxc4 gxh5 33. Rxb7 Qxb7 34.
Bf5 Qb3 35. Qxh5 Qb7 36. Bh7+ Kf8 37. Bg6 1-0

[Event "16. Sparkassen Open 2017 - Gruppe A"]
[Site "Forchheim"]
[Date "2017.09.30"]
[Round "3.22"]
[White "Martin Fernandez, Rodrigo"]
[Black "Englert, Jon"]
[Result "1-0"]
[WhiteElo "2115"]
[BlackElo "2005"]
[PlyCount "147"]
[EventDate "2017.??.??"]
[WhiteTeam "SC Erlangen"]
[BlackTeam "TV-Großostheim"]

1. d4 g6 2. Nf3 Bg7 3. c4 Nf6 4. Nc3 d6 5. e4 O-O 6. Be2 e5 7. Be3 Nc6 8. d5
Ne7 9. Nd2 Ne8 10. O-O f5 11. f3 f4 12. Bf2 g5 13. c5 h5 14. Rc1 Rf6 15. Nc4
Rg6 16. cxd6 cxd6 17. Nb5 b6 18. h3 Bd7 19. a4 Kh8 20. Nxa7 Rxa7 21. Nxb6 Rb7
22. a5 Nc8 23. Nxd7 Qxd7 24. Qc2 Rc7 25. Qd3 Bf8 26. Qb5 Qe7 27. Rxc7 Nxc7 28.
Qb7 Qd7 29. Rc1 Rg7 30. a6 Kg8 31. a7 Nxa7 32. Bxa7 Nb5 33. Qxd7 Rxd7 34. Bf2
Rb7 35. Bxb5 Rxb5 36. Rc2 Kf7 37. Be1 Rb3 38. Rc7+ Ke8 39. Bc3 Be7 40. Ra7 Bd8
41. Kf1 Rb8 42. Ke2 Be7 43. Kd3 Kf7 44. b4 Kf6 45. Ra2 g4 46. Be1 Kg5 47. Ra7
Bf8 48. h4+ Kf6 49. Rh7 Kg6 50. Rh8 g3 51. Bc3 Ra8 52. b5 Kg7 53. Rxh5 Be7 54.
Rf5 Bxh4 55. Rxf4 Rh8 56. Rg4+ Kf7 57. Be1 Be7 58. Bxg3 Rb8 59. Kc4 Rc8+ 60.
Kb4 Rc2 61. Bh4 Rb2+ 62. Ka5 Ra2+ 63. Kb6 Bf8 64. Kb7 Bh6 65. Bg5 Bf8 66. b6
Ke8 67. Kb8 Kd7 68. b7 Rb2 69. Be3 Be7 70. Rg7 Kd8 71. Ka8 Ra2+ 72. Ba7 Kd7 73.
b8=Q Rxa7+ 74. Qxa7+ 1-0

[Event "16. Sparkassen Open 2017 - Gruppe A"]
[Site "Forchheim"]
[Date "2017.09.30"]
[Round "3.23"]
[White "Brenner, Christian"]
[Black "Süß, Stefan"]
[Result "0-1"]
[WhiteElo "2020"]
[BlackElo "2031"]
[PlyCount "80"]
[EventDate "2017.??.??"]
[WhiteTeam "Zabo-Eintracht Nürnberg"]
[BlackTeam "SC Noris-Tarrasch Nürnberg"]

1. e4 c5 2. Nf3 e6 3. d4 cxd4 4. Nxd4 a6 5. Nc3 Qc7 6. g3 Nf6 7. Bg2 Nc6 8. O-O
Be7 9. Be3 O-O 10. h3 b5 11. e5 Ne8 12. Nxc6 dxc6 13. Qh5 Bb7 14. f4 c5 15. Ne4
f5 16. exf6 Nxf6 17. Nxf6+ Rxf6 18. Bxb7 Qxb7 19. Rad1 Qe4 20. Qf3 Qxf3 21.
Rxf3 e5 22. f5 Rd6 23. Rff1 Rdd8 24. Kg2 Kf7 25. Kf3 c4 26. Ke4 Bf6 27. g4 h6
28. Bb6 Rd4+ 29. Bxd4 exd4 30. Kd5 Rc8 31. Rfe1 d3 32. cxd3 Bxb2 33. dxc4 bxc4
34. Rc1 Bxc1 35. Rxc1 c3 36. Rc2 Kf6 37. h4 h5 38. gxh5 Kxf5 39. Kd4 Kg4 40.
Kd3 Kxh5 0-1

[Event "16. Sparkassen Open 2017 - Gruppe A"]
[Site "Forchheim"]
[Date "2017.09.30"]
[Round "3.24"]
[White "Lichii, Elizaveta"]
[Black "Smolka, Alexander"]
[Result "0-1"]
[WhiteElo "1906"]
[BlackElo "2088"]
[PlyCount "112"]
[EventDate "2017.??.??"]
[BlackTeam "SV Stuttgart-Wolfbusch"]

1. e4 e5 2. Nf3 Nc6 3. Bb5 Nge7 4. c3 d5 5. Nxe5 dxe4 6. d4 a6 7. Nxc6 Nxc6 8.
Ba4 Bd7 9. Qe2 Qh4 10. O-O O-O-O 11. g3 Qg4 12. Qxg4 Bxg4 13. Re1 f5 14. Bxc6
bxc6 15. Be3 Rg8 16. Bf4 g5 17. Be5 Bd6 18. Bxd6 cxd6 19. Nd2 Kc7 20. Nc4 Bf3
21. Nd2 Bh5 22. Kg2 Rde8 23. Kf1 Kd7 24. Re3 Rb8 25. b3 Bg6 26. f4 h6 27. Kf2
Rg7 28. Rg1 Rbg8 29. Nc4 Bh5 30. fxg5 hxg5 31. h3 Bg6 32. Rge1 Rh7 33. Kg2 Rgh8
34. Rh1 f4 35. gxf4 gxf4 36. Ree1 Bf5 37. Nd2 Rg8+ 38. Kf1 e3 39. Nf3 Bd3+ 40.
Re2 Rg3 41. Ne1 Bxe2+ 42. Kxe2 Rhxh3 43. Rxh3 Rxh3 44. Nf3 Rg3 45. a4 Rg2+ 46.
Kd3 Rf2 47. Ne1 Ke6 48. b4 Ra2 49. a5 Rf2 50. c4 Kf5 51. Nc2 Rd2+ 52. Kc3 Ke4
53. b5 cxb5 54. cxb5 axb5 55. a6 Rh2 56. a7 Rh8 0-1